Analytic Approaches to Product and Marketing Planning: The Second Conference Proceedings of Conference Cosponsored by Marketing Science Institute and Vanderbilt University

Saved in:
Bibliographic Details
Format: Book
Language:English
Published: Cambridge Marketing Science Institute 1982
Edition:1. ed.
Subjects:
Tags: Add Tag
No Tags, Be the first to tag this record!

MARC

LEADER 00000nam a2200000 4500
001 c001038
005 20221221074453.7
041 0 |a eng 
044 |a US 
245 1 0 |a Analytic Approaches to Product and Marketing Planning: The Second Conference  |b Proceedings of Conference Cosponsored by Marketing Science Institute and Vanderbilt University 
250 |a 1. ed. 
264 1 |a Cambridge  |b Marketing Science Institute  |c 1982 
300 |a 383 s. 
610 2 0 |a plánovanie výroby 
610 2 0 |a marketing 
610 2 0 |a konferencie 
610 2 0 |a Cambridge 
610 2 0 |a 1982 
610 2 0 |a analýza trhu 
610 2 0 |a modely trhu 
610 2 0 |a spotrebitelia 
610 2 0 |a správanie 
610 2 0 |a modely spotreby 
610 2 0 |a papiere cenné 
610 2 0 |a výrobky nové